MARC details
| 000 -LEADER |
| fixed length control field |
02912nam a2200373 a 4500 |
| 008 - FIXED-LENGTH DATA ELEMENTS--GENERAL INFORMATION |
| fixed length control field |
120416s1989 ||||||||||||||||| || u |
| 020 ## - INTERNATIONAL STANDARD BOOK NUMBER |
| International Standard Book Number |
0412342804 |
| 020 ## - INTERNATIONAL STANDARD BOOK NUMBER |
| International Standard Book Number |
0442302452 |
| 020 ## - INTERNATIONAL STANDARD BOOK NUMBER |
| International Standard Book Number |
0442302460 |
| 050 ## - LIBRARY OF CONGRESS CALL NUMBER |
| Classification number |
QC 145.2 Mas |
| 100 ## - MAIN ENTRY--PERSONAL NAME |
| Personal name |
Massey, B. S |
| 245 10 - TITLE STATEMENT |
| Title |
Mechanics of fluids. (6th ed.) |
| 250 ## - EDITION STATEMENT |
| Edition statement |
6th ed. |
| 260 ## - PUBLICATION, DISTRIBUTION, ETC. |
| Place of publication, distribution, etc. |
London: |
| Name of publisher, distributor, etc. |
Chapman & Hall |
| Date of publication, distribution, etc. |
1989 |
| 300 ## - PHYSICAL DESCRIPTION |
| Extent |
xxvii, 599p. : ill. |
| 350 ## - |
| -- |
0.00 |
| 650 ## - SUBJECT ADDED ENTRY--TOPICAL TERM |
| Topical term or geographic name entry element |
MECHANICS |
| 650 ## - SUBJECT ADDED ENTRY--TOPICAL TERM |
| Topical term or geographic name entry element |
FLUID MECHANICS |
| 995 ## - |
| -- |
TEXTBOOKS (SBE) |
| -- |
0.00 |
| -- |
20337 |
| -- |
CBU-SCHOOL TEXTBOOK COLLECTIONS |
| -- |
1 |
| -- |
0.00 |
| -- |
SCHOOL TEXTBOOK |
| -- |
6 |
| -- |
AVAILABLE |
| -- |
Oct 28, 2008 |
| -- |
20337 |
| -- |
School Collections |
| 995 ## - |
| -- |
MAIN LIBRARY OPEN ACCESS |
| -- |
0.00 |
| -- |
727025 |
| -- |
CBU-MAIN LIBRARY (Kitwe) |
| -- |
5 |
| -- |
4.95 |
| -- |
QC 145.2 Mas |
| -- |
2 |
| -- |
LOST |
| -- |
Mar 11, 2013 |
| -- |
000114 |
| -- |
Main Library Open Access Collection |
| 995 ## - |
| -- |
MAIN LIBRARY OPEN ACCESS |
| -- |
0.00 |
| -- |
730216 |
| -- |
CBU-MAIN LIBRARY (Kitwe) |
| -- |
1 |
| -- |
0.00 |
| -- |
QC 145.2 MAS |
| -- |
1 |
| -- |
AVAILABLE |
| -- |
May 22, 2006 |
| -- |
027234 |
| -- |
Main Library Open Access Collection |
| 995 ## - |
| -- |
BINDERY (DAMAGED) |
| -- |
0.00 |
| -- |
730217 |
| -- |
CBU-MAIN LIBRARY (Kitwe) |
| -- |
1 |
| -- |
4.95 |
| -- |
QC 145.2 Mas |
| -- |
5 |
| -- |
DAMAGED |
| -- |
027233 |
| -- |
Main Library Open Access Collection |
| 995 ## - |
| -- |
TEXTBOOKS (SBE) |
| -- |
0.00 |
| -- |
20322 |
| -- |
CBU-SCHOOL TEXTBOOK COLLECTIONS |
| -- |
1 |
| -- |
0.00 |
| -- |
SCHOOL TEXTBOOK |
| -- |
7 |
| -- |
AVAILABLE |
| -- |
Oct 28, 2008 |
| -- |
20322 |
| -- |
School Collections |
| 995 ## - |
| -- |
TEXTBOOKS (SBE) |
| -- |
0.00 |
| -- |
20335 |
| -- |
CBU-SCHOOL TEXTBOOK COLLECTIONS |
| -- |
1 |
| -- |
0.00 |
| -- |
SCHOOL TEXTBOOK |
| -- |
4 |
| -- |
AVAILABLE |
| -- |
Oct 28, 2008 |
| -- |
20335 |
| -- |
School Collections |
| 995 ## - |
| -- |
MAIN LIBRARY OPEN ACCESS |
| -- |
0.00 |
| -- |
727024 |
| -- |
CBU-MAIN LIBRARY (Kitwe) |
| -- |
2 |
| -- |
4.95 |
| -- |
QC 145.2 Mas |
| -- |
1 |
| -- |
LOST |
| -- |
Mar 11, 2013 |
| -- |
000048 |
| -- |
Main Library Open Access Collection |
| 995 ## - |
| -- |
TEXTBOOKS (SBE) |
| -- |
0.00 |
| -- |
20331 |
| -- |
CBU-SCHOOL TEXTBOOK COLLECTIONS |
| -- |
1 |
| -- |
0.00 |
| -- |
SCHOOL TEXTBOOK |
| -- |
1 |
| -- |
AVAILABLE |
| -- |
Oct 28, 2008 |
| -- |
20331 |
| -- |
School Collections |
| 995 ## - |
| -- |
MAIN LIBRARY OPEN ACCESS |
| -- |
0.00 |
| -- |
724859 |
| -- |
CBU-MAIN LIBRARY (Kitwe) |
| -- |
10 |
| -- |
4.95 |
| -- |
QC 145.2 Mas |
| -- |
4 |
| -- |
AVAILABLE |
| -- |
012127 |
| -- |
Main Library Open Access Collection |
| 995 ## - |
| -- |
TEXTBOOKS (SBE) |
| -- |
0.00 |
| -- |
20297 |
| -- |
CBU-SCHOOL TEXTBOOK COLLECTIONS |
| -- |
1 |
| -- |
0.00 |
| -- |
SCHOOL TEXTBOOK |
| -- |
9 |
| -- |
AVAILABLE |
| -- |
Oct 28, 2008 |
| -- |
20297 |
| -- |
School Collections |
| 995 ## - |
| -- |
TEXTBOOKS (SBE) |
| -- |
0.00 |
| -- |
20338 |
| -- |
CBU-SCHOOL TEXTBOOK COLLECTIONS |
| -- |
1 |
| -- |
0.00 |
| -- |
SCHOOL TEXTBOOK |
| -- |
3 |
| -- |
AVAILABLE |
| -- |
Oct 28, 2008 |
| -- |
20338 |
| -- |
School Collections |
| 995 ## - |
| -- |
TEXTBOOKS (SBE) |
| -- |
0.00 |
| -- |
20328 |
| -- |
CBU-SCHOOL TEXTBOOK COLLECTIONS |
| -- |
1 |
| -- |
0.00 |
| -- |
SCHOOL TEXTBOOK |
| -- |
2 |
| -- |
AVAILABLE |
| -- |
Oct 28, 2008 |
| -- |
20328 |
| -- |
School Collections |
| 995 ## - |
| -- |
BINDERY (DAMAGED) |
| -- |
0.00 |
| -- |
724860 |
| -- |
CBU-MAIN LIBRARY (Kitwe) |
| -- |
9 |
| -- |
4.95 |
| -- |
QC 145.2 Mas |
| -- |
3 |
| -- |
DAMAGED |
| -- |
012126 |
| -- |
Main Library Open Access Collection |
| 995 ## - |
| -- |
TEXTBOOKS (SBE) |
| -- |
0.00 |
| -- |
20329 |
| -- |
CBU-SCHOOL TEXTBOOK COLLECTIONS |
| -- |
1 |
| -- |
0.00 |
| -- |
SCHOOL TEXTBOOK |
| -- |
5 |
| -- |
AVAILABLE |
| -- |
Oct 28, 2008 |
| -- |
20329 |
| -- |
School Collections |
| 995 ## - |
| -- |
TEXTBOOKS (SBE) |
| -- |
0.00 |
| -- |
20299 |
| -- |
CBU-SCHOOL TEXTBOOK COLLECTIONS |
| -- |
1 |
| -- |
0.00 |
| -- |
SCHOOL TEXTBOOK |
| -- |
8 |
| -- |
AVAILABLE |
| -- |
Oct 28, 2008 |
| -- |
20299 |
| -- |
School Collections |
| 999 ## - |
| -- |
82835 |
| -- |
82835 |